Nguyên lí máy

Quyển sách trình bày các vấn đề chống rung, các bài tính giảm chấn cho một hệ dao động xoắn có nhiều bậc tự do, cân bằng trục mềm. Một số khái niệm về cơ cấu tay máy mà về nhiều mặt có những khác biệt so với các cơ cấu truyền t...

Descripción completa

Guardado en:
Detalles Bibliográficos
Autor principal: Đinh, Gia Tường
Formato: Libro
Lenguaje:Undetermined
Publicado: Hà Nội Giáo Dục 2003
Materias:
Etiquetas: Agregar Etiqueta
Sin Etiquetas, Sea el primero en etiquetar este registro!
Thư viện lưu trữ: Trung tâm Học liệu Trường Đại học Cần Thơ
LEADER 01020nam a2200205Ia 4500
001 CTU_106746
008 210402s9999 xx 000 0 und d
020 |c 31000 
082 |a 621.8 
082 |b T561/T2 
100 |a Đinh, Gia Tường 
245 0 |a Nguyên lí máy 
245 0 |c Đinh Gia Tường, Phan Văn Đồng, Tạ Khánh Lâm 
260 |a Hà Nội 
260 |b Giáo Dục 
260 |c 2003 
520 |a Quyển sách trình bày các vấn đề chống rung, các bài tính giảm chấn cho một hệ dao động xoắn có nhiều bậc tự do, cân bằng trục mềm. Một số khái niệm về cơ cấu tay máy mà về nhiều mặt có những khác biệt so với các cơ cấu truyền thống đã được giới thiệu trong tập 1 
650 |a Machine design,Mechanical engineering 
904 |i Tuyến 
980 |a Trung tâm Học liệu Trường Đại học Cần Thơ